LEADER 00979nam0-22003131i-450- 001 990005632480403321 005 20110923115653.0 035 $a000563248 035 $aFED01000563248 035 $a(Aleph)000563248FED01 035 $a000563248 100 $a19990604d1965----km-y0itay50------ba 101 0 $aita 105 $ay-------001yy 200 1 $aNotizie istoriche de' pittori, scultori ed architetti cremonesi$fGianbattista Zaist 210 $aRoma$cSocieta Multigrafica Editrice Somu$d1965 215 $a1 v. paginazione varia$d24 cm 225 1 $aFonti per la storia dell'arte$v3 610 0 $aArtisti cremonesi$aBiografie 676 $a709.22 676 $a709 700 1$aZaist,$bGianbattista$0401150 801 0$aIT$bUNINA$gRICA$2UNIMARC 901 $aBK 912 $a990005632480403321 952 $a709.22 ZAI 1$bST.ARTE 12470$fFLFBC 959 $aFLFBC 996 $aNotizie istoriche de' pittori, scultori ed architetti cremonesi$9605152 997 $aUNINA LEADER 01095nam--2200385---450- 001 990003069560203316 005 20080225130549.0 010 $a88-7966-223-6 035 $a000306956 035 $aUSA01000306956 035 $a(ALEPH)000306956USA01 035 $a000306956 100 $a20080225d2000----km-y0itay50------ba 101 $aita 102 $aIT 105 $a||||||||001yy 200 1 $aGenerazione ballo/sballo$el'avvento della dance music e il delinearsi della rave culture$fSimon Reynolds$gtraduzione di Claudio Mapelli 205 $aEd. agg. 210 $aRoma$cArcana$dcopyr.. 2000 215 $a519 p.$d21 CM 225 2 $aArcanamusica 410 0$12001$aArcanamusica 454 1$12001 461 1$1001-------$12001 606 0 $aMusica techno$xAspetti culturali 676 $a781.64 700 1$aREYNOLDS,$bSimon$0600309 801 0$aIT$bsalbc$gISBD 912 $a990003069560203316 951 $aO590$b7227 DBC$cO590 959 $aBK 969 $aDBC 979 $aDBC$b90$c20080225$lUSA01$h1305 996 $aGenerazione ballo$91023110 997 $aUNISA LEADER 01234nam--2200397---450 001 990001979800203316 005 20220907095137.0 010 $a88-7104-939-X 035 $a000197980 035 $aUSA01000197980 035 $a(ALEPH)000197980USA01 035 $a000197980 100 $a20040903d1995----km-y0itay0103----ba 101 $aita 102 $aIT 105 $a||||||||001yy 200 1 $aAtti dell'Accademia romanistica costantiniana$eX Convegno internazionale in onore di Arnaldo Biscardi 210 $aNapoli$cEdizioni scientifiche italiane$d1995 215 $a753 p.$d25 cm 300 $aIn testa al frontespizio: Università degli studi di Perugia, Facoltà di Giurisprudenza 410 0$12001 410 0 $12001 454 1$12001 461 1$1001-------$12001 600 $aBiscardi,$bArnaldo$xCongressi$z1991 606 $aDiritto romano$xCongressi$z1991 676 $a340.54 702 $aBISCARDI,$bArnaldo 710 02$aAccademia romanistica Costantiniana$0240708 801 0$bsalbc$gISBD 912 $a990001979800203316 951 $aX 18 IV 10$b40559 G.$cX 18$d00134868 959 $aBK 969 $aGIU 996 $aAtti dell'Accademia romanistica costantiniana$9243398 997 $aUNISA